000 00481nam a2200181Ia 4500
001 16274
005 20260306170257.0
008 260306t2002||||xx |||||||||||||| ||und||
041 _aESP
082 _a347.51L
_bA81
100 _aAsesoramiento y Análisis Laborales
_eAUT
245 0 _aLey general de sociedades:
_btexto ordenado, sumillado y concordado
260 _c2002
300 _a213 páginas :
_c24 cm.
650 _aGEN
654 _aCDE
942 _cLIB
_dJUS
_fJUS
_2ddc
_n
999 _c16274
_d16274